Chicago Bears 2023-2024 Roster - Statistics

General Stats
  • This quiz has been taken 141 times
  • The average score is 26 of 51
Answer Stats
Answer % Correct
QB Justin Fields
99%
WR D.J. Moore
94%
HB Roschon Johnson
89%
DB Jaylon Johnson
88%
QB Tyson Bagent
87%
TE Cole Kmet
85%
HB Khalil Herbert
83%
WR Darnell Mooney
80%
OL Braxton Jones
72%
WR Velus Jones Jr.
72%
K Cairo Santos
71%
DB Jaylon Jones
70%
LB T.J. Edwards
70%
DL Justin Jones
69%
S Jaquan Brisker
66%
DL Montez Sweat
66%
LB Tremaine Edmunds
66%
DB Kyler Gordon
62%
OL Darnell Wright
61%
WR Tyler Scott
60%
TE Marcedes Lewis
58%
S Eddie Jackson
55%
OL Teven Jenkins
54%
DB Tyrique Stevenson
54%
LB Jack Sanborn
52%
HB D'Onta Foreman
51%
WR Eqanimeous St. Brown
51%
DL Gervon Dexter Sr.
50%
FB Khari Blasingame
50%
LS Patrick Scales
50%
P Trenton Gill
48%
HB Travis Homer
47%
DL Andrew Billings
46%
OL Cody Whitehair
43%
TE Robert Tonyan
38%
DB Terrell Smith
38%
OL Nate Davis
34%
OL Lucas Patrick
33%
S Elijah Hicks
27%
DL Zach Pickens
26%
LB Noah Sewell
25%
DL DeMarcus Walker
21%
OL Larry Borom
21%
DL Dominique Robinson
20%
OL Doug Kramer
17%
DB Josh Blackwell
17%
OL Ja'Tyre Carter
16%
DL Yannick Ngakoue
12%
LB Dylan Cole
10%
DL Rasheem Green
9%
OL Dan Freeney
1%
No matching quizzes found
Score Distribution
Percent of People with Each Score
Percentile by Number Answered
Your Score History
You have not taken this quiz